[Event "Biel MTO op"]
[Site "Biel"]
[Date "1991.??.??"]
[Round "7"]
[White "Sturua, Zurab"]
[Black "Flear, Glenn C"]
[Result "1-0"]
[WhiteElo "2510"]
[BlackElo "2515"]
[PlyCount "85"]
[EventDate "1991.07.??"]
[EventType "swiss"]
[EventRounds "11"]
[EventCountry "SUI"]
[SourceTitle "EXT 2000"]
[Source "ChessBase"]
[SourceDate "1999.11.16"]
[SourceVersion "1"]
[SourceVersionDate "1999.11.16"]
[SourceQuality "1"]

1. Nf3 {Salov,Valery} d5 2. c4 d4 3. e3 Nc6 4. exd4 Nxd4 5. Nxd4 Qxd4 6. d3 e5 7. Nc3 Ne7 8. Be2 ({RR} 8. Be3 Qd8 9. g4 Ng6 10. Bg2 Be7 11. h3 O-O 12. Qd2 c6 13. O-O-O Be6 14. Be4 Qd7) ({RR} 8. Qe2) 8... Nf5 ({RR} 8... c6 9. O-O Nf5 10. g4 ({RR} 10. Ne4 Be7 11. Bd2 Qb6 12. Bc3) 10... Nh4 11. Be3 Qd6 ({RR} 11... Qd8 12. d4 h5 13. dxe5 Qxd1 14. Raxd1 Bxg4 15. Bxg4 hxg4) 12. Ne4 ({RR} 12. d4 h5 13. f3 Bd7 14. d5 Qg6 15. dxc6 bxc6 16. Kh1 hxg4 17. fxg4 Bb4) 12... Qg6 13. Ng3 Bd6 14. d4 ({RR} 14. c5 Bc7 15. d4 e4 16. d5) 14... e4 15. Qc2 ({RR} 15. c5 Bxg3 16. fxg3 Nf3+ 17. Bxf3 exf3 18. Qxf3 Bxg4) ({RR} 15. Kh1) 15... Nf3+ 16. Bxf3 exf3 17. Qe4+ Kf8 ({RR} 17... Be6 18. Nf5 O-O-O 19. Qxf3 Bxc4 20. Bf4) 18. Bf4 ({RR} 18. Qxf3 Bxg4 19. Qg2 Re8) ({RR} 18. Nf5 Bxf5 19. Qxf5 Qxf5 20. gxf5) 18... Bxf4 19. Qxf4 Bxg4 ({RR} 19... Qxg4 20. Qd6+ Ke8 21. Rfe1+ Be6) 20. Rfe1 ({RR} 20. Qc7 h5 21. Qxb7 Rc8 22. h4 Qf6 23. Qxa7 c5) 20... h5 21. h4 Qf6 ({RR} 21... Rh6 22. Qc7 Kg8 23. Qxb7 Rf8 24. d5) 22. Qxf6 gxf6 23. Rad1 {Illescas Cordoba,M (2595)-Salov,V (2715) Dos Hermanas 1995 CBM 047 [Salov,Valery] 0-1 (48)}) ({RR} 8... Qd8 9. O-O Nf5 10. Re1 Bd6 11. Ne4 O-O 12. Nxd6 Qxd6 13. Qd2 Nd4 14. Bf1 Bf5 15. Re3 Rad8 16. Rg3 Bg6 17. f4 exf4 18. Qxf4 Nc2 19. Rb1 Nb4 20. c5 Qxc5+ 21. Be3 Qe7 22. Qc4 Nxd3 23. Bg5 {Sprotte,N (2265)-Flear,G (2480) Ostend 1987 0-1 (48)}) 9. O-O Be6 ({RR} 9... c6 10. Ne4 Be7 11. Bd2 Qd8 12. Bc3 Nd4 13. Re1 O-O 14. Bf1 Be6 15. Nd2 f6 16. h3 Qd7 17. Nf3 Nxf3+ 18. Qxf3 Bc5 19. Rac1 a5 20. Rc2 Rfe8 21. g4 Bd4 22. Bg2 Ra6 23. Bd2 f5 24. g5 {Helmer,J (1928)-Lorenz,R (2188) Eforie Nord ROU 2025 1-0 (60)}) 10. Ne4 $146 ({RR} 10. Qb3 Qb6 11. Qb5+ Qxb5 12. Nxb5 Kd7 13. f4 h5 14. fxe5 a6 15. d4 axb5 16. d5 Bc5+ 17. Kh1 b4 18. dxe6+ fxe6 19. g3 g6 20. Rd1+ Ke8 21. Bf3 c6 22. Be4 Rh7 23. a4 bxa3 24. bxa3 Rd7 {Blechzin,I (2355)-Maljutin,E (2505) Dortmund 1993 0-1 (54)}) ({RR} 10. Kh1 Qd7 11. f4 exf4 12. Bxf4 Nd4 13. Bf3 c6 14. Be5 Nxf3 15. Qxf3 O-O-O 16. Qf2 b6 17. Rad1 f6 18. Bf4 Bc5 19. Be3 Bxe3 20. Qxe3 Bg4 21. Rd2 Rhe8 22. Qg3 Be6 23. b3 Qd4 24. Ne2 Qg4 {Ciglic,B (2195)-Gazarek,D (2330) Ljubljana 1995 0-1 (60)}) 10... Be7 11. Bd2 Qd7 12. Bc3 Nd4 13. Re1 O-O 14. Bf1 Rad8 15. b4 b6 16. a4 Bg4 17. Qb1 f5 18. Nd2 Bf6 19. Qb2 Rfe8 20. a5 Qf7 21. axb6 axb6 22. Ra7 Nc6 23. Ra2 Qg6 24. Qb1 Bh4 25. g3 Bg5 26. Bg2 Bxd2 27. Rxd2 Nd4 28. Bxd4 Rxd4 29. Ra2 f4 30. Be4 Bf5 31. Rae2 f3 32. Re3 Bxe4 33. Rxe4 Red8 34. Rxd4 Rxd4 35. Re3 Qd6 36. h4 e4 37. Rxe4 Rxd3 38. Qa2 Rd1+ 39. Kh2 h5 40. Qa8+ Kh7 41. Re8 Kg6 42. Qe4+ Kf7 43. Rh8 1-0

[Event "USA-ch m"]
[Site "Los Angeles"]
[Date "1991.??.??"]
[Round "1.1"]
[White "Alburt, Lev O"]
[Black "Dlugy, Maxim"]
[Result "1-0"]
[WhiteElo "2535"]
[BlackElo "2560"]
[Annotator "Horn,Peter"]
[PlyCount "139"]
[EventDate "1991.07.??"]
[EventType "k.o."]
[EventRounds "4"]
[EventCountry "USA"]
[SourceTitle "CBM 025"]
[Source "ChessBase"]
[SourceDate "1991.12.01"]
[SourceVersion "1"]
[SourceVersionDate "1991.12.01"]
[SourceQuality "1"]

1. Nf3 d5 2. c4 dxc4 3. g3 c5 4. Na3 Nc6 5. Nxc4 g6 6. Bg2 (6. Nce5 Nxe5 7. Nxe5 Bg7 8. Qa4+ Kf8 {Bilek-Keres, Budapest 1955}) 6... Bg7 7. O-O Nh6 (7... Nf6 8. b3 Nd5 9. Bb2 Bxb2 10. Nxb2 Bg4 11. Rc1 b6 12. d4 Bxf3 13. Bxf3 Nxd4 14. Bg2 e6 15. b4 Nxb4 16. e3 Ndc6 17. Qa4 Qc7 18. Nd3 Nxd3 19. Bxc6+ Ke7 20. Bxa8 Rxa8 $13 {Tschechow-Mihaljtschisin, Lvov 1983}) 8. d3 {N} (8. Rb1 $10) 8... Nf5 9. Rb1 O-O 10. Bd2 Qc7 $146 ({RR} 10... Bd7 11. a3 b5 12. Ne3 Nfd4 13. Nxd4 cxd4 14. Nd5 a5 15. Rc1 e6 16. Nf4 Qb6 17. Qc2 Rfc8 18. Qc5 Qa6 19. Qd6 Be8 20. Nh3 Rd8 21. Qf4 Rac8 22. Qh4 f6 23. Rc5 e5 24. f4 Ne7 25. Rxc8 {O'Donnell,R-Karklins,E Chicago 1994 1-0 (37)}) 11. a3 a5 12. Bc3 (12. b4 $5 cxb4 (12... axb4 13. axb4 b5 14. Nce5 Nxe5 15. Nxe5) 13. axb4 a4 (13... Nxb4 14. Bxb4 axb4 15. Rxb4 Ra1 16. Qb3 $14) 14. b5 Ncd4 15. Nxd4 Nxd4 16. e3 Nb3 17. Bb4) 12... a4 13. Bxg7 Kxg7 14. e3 Rd8 $6 (14... b5 15. Nce5 Nxe5 16. Nxe5 Bb7 $10) 15. Qc2 Be6 16. b3 $1 axb3 $2 (16... b5 17. Ncd2 (17. Qc3+ f6) 17... axb3 18. Nxb3 c4 19. dxc4 (19. Nbd4 Nfxd4 20. Nxd4 Nxd4 21. exd4 Rxa3 22. Rxb5 Rxd3) (19. Nc5 cxd3 20. Nxe6+ fxe6 21. Qc3+ Kg8 22. Rxb5) 19... Bxc4 20. Rfd1) 17. Rxb3 { b2} Kg8 18. Ng5 Bxc4 (18... Bd5 $2 19. Bxd5 Rxd5 20. e4 $18) 19. Qxc4 Nd6 20. Qh4 (20. Qxc5 $4 Ra5 $19) 20... h5 21. Rfb1 $2 (21. g4 Ra4 22. f4 $16) 21... b5 $2 (21... Kg7) 22. g4 $1 Ra4 23. f4 Kg7 (23... hxg4 $4 24. Qh7+ Kf8 25. Qh8#) 24. gxh5 Rh8 25. Qe1 $1 $16 Rxh5 26. Qc3+ Kg8 27. Qxc5 Qa7 28. Qxa7 Nxa7 29. Rc1 Kg7 30. Rc7 Nf5 31. Be4 Kf6 (31... Nxe3 32. Rxe7) 32. Bxf5 gxf5 33. Rbc3 Rh8 34. e4 Re8 (34... Rh4 $1 35. e5+ Kg6 36. Rxe7 Raxf4 37. h3 (37. Rxa7 Rhg4+ 38. Kh1 Rf1#) 37... Kxg5 38. Rxa7 Rxh3 39. Rxf7 Rg3+ 40. Kh2 Re3 $10) 35. Kg2 (35. R3c5 $5 fxe4 36. dxe4 Rxa3 37. Rf5+ Kg6 38. Rxf7) 35... Kg7 36. Kf3 b4 37. axb4 Nb5 38. Rc8 fxe4+ 39. dxe4 Rxc8 40. Rxc8 Rxb4 41. Rd8 Nd4+ 42. Ke3 Ne6 43. Nxe6+ fxe6 44. Re8 Rb3+ (44... Kf7 $16) 45. Kd4 Rh3 $2 (45... Rb4+ $5 46. Ke5 Kf7 47. Rc8 Rb5+ 48. Kd4 Rh5 49. Rc2) 46. Rxe7+ Kf6 47. Ra7 Rxh2 48. e5+ $1 Kf5 (48... Kg6 49. Re7) 49. Rf7+ Kg4 (49... Kg6 50. Rf6+ $18) 50. Ke3 (50. Kc5 $1 $18) 50... Ra2 51. Rg7+ Kh5 (51... Kf5 52. Rg5#) 52. Kd4 { c5+-} Rc2 (52... Rf2 53. Kc5 Rxf4 54. Kd6 $18) 53. Re7 Rc6 54. Rd7 { d6} Rc8 55. Rd6 Re8 56. Ke4 Kg4 (56... Kg6 57. f5+ $18) 57. Ra6 Rf8 $2 (57... Re7) 58. Rxe6 Rxf4+ 59. Kd5 Kg5 60. Ra6 Rb4 61. Ke6 Kg6 62. Ke7+ Kg7 63. Ra7 Rb8 64. e6 Kg6 65. Ra1 Rb7+ 66. Kd6 Rb6+ 67. Kd7 Rb7+ 68. Kc6 Rb8 69. Kc7 Rh8 70. e7 1-0

[Event "Rubinstein Memorial 29th"]
[Site "Polanica Zdroj"]
[Date "1991.??.??"]
[Round "4"]
[White "Dolmatov, Sergey"]
[Black "Lautier, Joel"]
[Result "1-0"]
[WhiteElo "2605"]
[BlackElo "2560"]
[Annotator "Horn,Peter"]
[PlyCount "91"]
[EventDate "1991.09.??"]
[EventType "tourn"]
[EventRounds "11"]
[EventCountry "POL"]
[EventCategory "11"]
[SourceTitle "CBM 026"]
[Source "ChessBase"]
[SourceDate "1992.02.01"]
[SourceVersion "1"]
[SourceVersionDate "1992.02.01"]
[SourceQuality "1"]

1. e4 {Chekhov,Valery A} c5 2. Nf3 e6 3. d3 Nc6 4. g3 d5 5. Nbd2 Bd6 6. Bg2 Nge7 7. O-O O-O 8. Nh4 ({RR} 8. Re1 Qc7 9. c3 Bd7 10. Qe2 f6 11. a3 a5 12. a4 Rae8) 8... b6 9. f4 dxe4 $6 10. dxe4 Ba6 11. Re1 Bc7 (11... c4 $2 12. c3 $16 {Fischer-Ivkov, Santa Monica 1966}) ({RR} 11... e5 12. f5 f6 13. Bf1 Bxf1 14. Rxf1 b5 15. c4 a6 16. cxb5 Nd4 17. bxa6 Rxa6 18. Nc4 Nec6 19. Bd2 Qd7 20. Ng2 Rb8 21. Nge3 Bf8 22. Bc3 Qb7 23. Qg4 Nb5 24. Nd5 Ne7 25. Nce3 Kh8 26. Nxe7 {Akhmedov,D (2240)-Pridorozhni,A (2486) Sochi RUS 2023 ½-½ (89)}) 12. c3 (12. e5 Qd7 13. Kh1 (13. Qh5 Qd4+ 14. Kh1 Qf2 15. Nhf3 Nd4 16. Ne4 Qxc2 17. Nxd4 cxd4 18. Ng5 Qg6 19. Qxg6 hxg6 20. Bxa8 Rxa8 $13 {Minic}) ({RR} 13. c3 {RR} Rad8 14. Qh5 f5 15. exf6 Rxf6 16. Ne4 Rh6 17. Qxh6) 13... Rad8 14. Qh5 Nf5 15. Ne4 Ncd4 16. g4 Nxh4 17. Qxh4 f6 $1 $13 {Minic-Sax, Vinkovci 1976}) ({RR} 12. e5 Qd7 13. Qh5 Nd4 14. Be4 ({RR} 14. Bxa8 Rxa8 ({RR} 14... Nxc2 15. Be4 g6 16. Qd1 Nxa1 17. Ndf3 Qb5 18. b3) 15. Qd1 Bb7) 14... Nef5 15. Nhf3 ({RR} 15. c3 g6 16. Qg4 Nxh4 17. gxh4 ({RR} 17. Qxh4 Ne2+ 18. Kg2 Nxc1) 17... Nf5 18. Bxa8 Rxa8 19. Ne4 Qc6 20. Bd2 Bb7 21. h5 Rd8) 15... Rad8 16. c3 Ne2+ 17. Kf2 Nxc1 18. Raxc1 f6 19. exf6 ({RR} 19. Bxf5 exf5 20. e6 Qe7 21. Qxf5 Rd3) 19... Rxf6 20. Kg1 g6 21. Qh3 e5 22. fxe5 Bxe5 23. Bc2 ({RR} 23. Nxe5 Qxd2 24. Ng4 Re6) 23... Bc7 24. Bb3+ Kh8 25. Ng5 Nd6 26. Be6 ({RR} 26. Ne6 c4 27. Bc2 Bc8) 26... Qg7 {Bologan,V (2600)-Horvath,J (2515) Vienna 1996 CBM 053 Extra [Chekhov,Valery A] ½-½ (54)} {RR} 27. Bg4 Re8 28. Ne6 Qf7 29. Nxc7 Qxc7 30. Rxe8+ Nxe8 31. Ne4 Rf8 ({RR} 31... Rf7) 32. Rd1 Bb5 33. Bd7 Be2 34. Rd2 Bf1 35. Qh4) 12... Bd3 {N} (12... Qd7 13. e5 Rad8 14. Qh5 f5 15. exf6 Rxf6 16. Ne4 Rh6 17. Qxh6 gxh6 18. Nf6+ Kf7 19. Nxd7 Rxd7 20. f5 $18 {Lerner-Dolmatov, URS-ch 1985}) ({RR} 12... Qd7 13. e5 Rad8 14. Qh5 f5 15. exf6 Rxf6 16. Ne4 Rh6 17. Qxh6 gxh6 18. Nf6+ Kf7 19. Nxd7 Rxd7 20. f5 exf5 21. Nxf5 Nxf5 22. Bxc6 Rd8 23. Be4 Kf6 24. Bxf5 Kxf5 25. Bxh6 Bd3 26. Rad1 c4 27. Rd2 {Lerner,K (2520)-Dolmatov,S (2540) Kharkov 1985 1-0}) 13. e5 Qd7 $146 (13... b5 $5 { c4,b6,d5 Dolmatov}) ({RR} 13... b5 14. Ne4 c4 15. Be3 Nd5 16. Bf2 Bb6 17. Nc5 b4 18. Qd2 Rc8 19. Nxd3 bxc3 20. bxc3 cxd3 21. Be4 Bxf2+ 22. Kxf2 Qb6+ 23. Kg2 Rfd8 24. Kh1 Qc5 25. Rac1 Nb6 26. Qe3 Qxe3 27. Rxe3 Nb4 28. Rb1 {Lind,J (2203)-Rylander,D (2267) Linkoping 2001 0-1 (32)}) ({RR} 13... b5 14. Qg4 c4 15. Ne4 Nd5 16. Kh1 Nce7 17. Be3 Nxe3 18. Rxe3 Nd5 19. Ree1 Bb6 20. Qf3 g6 21. Nf6+ Nxf6 22. Qxa8 Ng4 23. Qxd8 Nf2+ 24. Kg1 Nh3+ {½-½ (24) Mamedov,R-Polivanov,A (2306) Donetsk 2000}) 14. Ne4 Rad8 15. Qg4 { f6} Bxe4 $2 (15... Kh8 $5 {Dolmatov} 16. Rd1 $36) 16. Bxe4 $16 {Für das weiße Übergewicht im Zentrum (e5) und am -Flügel besitzt Schwarz nur die d-Linie. Er kann wegen fehlender Einbruchsfelder aber daraus keinen Nutzen ziehen.} Ng6 17. Nf3 { g5,h5} Nce7 (17... f5 18. exf6 Rxf6 19. Ng5 (19. Ne5 $6 Bxe5 20. fxe5 (20. Bxc6 Qxc6 21. fxe5 Rf7) 20... Ncxe5) 19... Nf8 $16) 18. Bc2 { g5-e4} (18. h4 $6 Nf5 19. h5 Nge7 { a4 Dolmatov}) 18... Nf5 19. Ng5 Rfe8 (19... h6 20. Nxe6 Nxe5 (20... fxe6 21. Qxg6 $18) (20... Qxe6 21. Bxf5 $18) 21. Nxf8 $1 $18 Nxg4 22. Nxd7) (19... f6 20. Nxe6 $18) 20. Qh5 Nh6 (20... h6 21. Nxe6 $1 (21. Bxf5 $2 exf5 22. e6 fxe6 23. Qxg6 hxg5 24. Qxg5 $17) (21. Ne4) 21... Nxe5 (21... Qxe6 22. Bxf5 $18) (21... fxe6 22. Qxg6 $18) 22. Qxf5 g6 (22... Ng6 23. Nxd8 Rxe1+ 24. Kf2 Qe8 25. Qxf7+ Qxf7 26. Nxf7 $18) 23. Qe4 Rxe6 24. fxe5 Rxe5 25. Qxe5 Bxe5 26. Rxe5 Re8 27. Rxe8+ Qxe8 28. Kf2 $1 $16 {Dolmatov}) (20... Nf8 $6 21. g4 Nh6 (21... g6 22. Qh3 Ng7 23. Ne4 $18) 22. Ne4 { f6} Qe7 (22... Qc6 23. Nf6+ gxf6 24. Qxh6 fxe5 (24... Qf3 25. exf6 Qxg4+ 26. Kf2 $18) 25. f5 $18) 23. g5 Nf5 24. Nf6+ gxf6 25. gxf6 Qd7 26. Bxf5 exf5 27. Qh6 $18) 21. h4 b5 22. Kh2 b4 23. Qe2 Nf5 24. h5 Nf8 25. Ne4 Qc6 26. g4 Ne7 27. h6 Nd7 28. hxg7 Kxg7 29. Kg3 $18 Ng6 30. Be3 $2 (30. g5 { e3+- Dolmatov}) 30... bxc3 31. bxc3 Ndxe5 $1 32. fxe5 Bxe5+ 33. Kh3 $1 $8 (33. Kf3 f5) (33. Kg2 f5) (33. Kf2 f5) 33... f5 34. Ng3 Kh8 35. Nh5 Bxc3 $6 (35... Rg8 $5 $16 {Dolmatov} 36. gxf5 exf5 37. Bxf5 Bxc3) 36. Bg5 Rb8 37. Rab1 Bxe1 38. Rxe1 c4 (38... Rb4 39. gxf5 $18) 39. Bf6+ Kg8 40. Bc3 Kf7 41. Rf1 Qc5 42. Qd2 { h6} Qe7 43. Bxf5 Qh4+ (43... exf5 44. Rxf5+ Kg8 45. Nf6+ $18) 44. Kg2 Rbd8 45. Bxe6+ Ke7 46. Bb4+ 1-0

[Event "Bundesliga 9192"]
[Site "Germany"]
[Date "1992.??.??"]
[Round "?.5"]
[White "Hickl, Joerg"]
[Black "Boensch, Uwe"]
[Result "1-0"]
[WhiteElo "2515"]
[BlackElo "2500"]
[PlyCount "83"]
[EventDate "1991.10.12"]
[EventType "team-tourn"]
[EventRounds "15"]
[EventCountry "GER"]
[SourceTitle "GER-chT"]
[Source "ChessBase"]
[SourceDate "1999.07.01"]
[SourceVersion "1"]
[SourceVersionDate "1999.07.01"]
[SourceQuality "1"]
[WhiteTeam "Porz"]
[BlackTeam "Bayern Muenchen"]
[WhiteTeamCountry "GER"]
[BlackTeamCountry "GER"]

1. g3 d5 2. Bg2 c6 3. d3 Nf6 4. Nf3 Bg4 5. b3 e6 6. Bb2 Nbd7 7. O-O Be7 8. h3 ({RR} 8. Nbd2) ({RR} 8. e4 dxe4 9. dxe4 Nxe4 10. Bxg7 Rg8 11. Bb2 Ng5 12. Nbd2 Qc7 13. Qe1 Nxf3+ 14. Nxf3 O-O-O 15. Qe3 Bc5 16. Bd4 Bxf3 17. Bxf3 Bxd4 18. Qxd4 Ne5 19. Qe3 Rd2 20. Bg2 Rgd8 21. Qxa7 Rxc2 22. Rac1 Rxc1 {Thiede,L (2388)-Foerster,J (2238) Berlin GER 2024 0-1 (52)}) 8... Bxf3 ({RR} 8... Bh5 9. c4 O-O 10. Nc3 a5 11. Rc1 Qb6 12. Qc2 Rfd8 13. cxd5 cxd5 14. Na4 Qa6 15. Nd4 Bf8 16. Nc3 Rac8 17. Qd2 e5 18. Nf5 Qe6 {½-½ (18) Hickl,J (2500)-Costa,J (2350) Biel 1988}) 9. exf3 $146 ({RR} 9. Bxf3 O-O 10. Nd2 a5 11. a4 Bb4 12. e4 Qc7 13. Qe2 e5 14. Bg2 Rfe8 15. Nf3 Rad8 16. Nh4 Nf8 17. Nf5 dxe4 18. Bxe4 Nxe4 19. Qxe4 Ng6 20. Rad1 Qd7 21. h4 Qd5 22. h5 Ne7 23. Nxe7+ Rxe7 {Thiede,L (2437)-Romanov,E (2573) Berlin 2015 0-1 (43)}) ({RR} 9. Bxf3 O-O 10. c4 Qc7 11. Bg2 Rfd8 12. Qc2 Rac8 13. Nd2 Nf8 14. e4 Ng6 15. Nf3 dxe4 16. dxe4 e5 17. h4 Re8 18. c5 Nd7 19. Bh3 Ngf8 20. Rfd1 Rcd8 21. b4 a5 22. a3 axb4 23. axb4 b6 {Ayats Llobera,G (2363)-Diaz Camallonga,C (2432) Vila Seca 2019 ½-½}) 9... O-O 10. f4 Ne8 11. Nd2 Bf6 12. d4 Nd6 13. Nf3 Qc7 14. Ne5 Rfd8 15. Qe2 a5 16. c4 a4 17. Rfc1 Qa5 18. h4 Nf5 19. Bc3 Qa6 20. Bf1 Nf8 21. c5 Qxe2 22. Bxe2 Bxe5 23. fxe5 f6 24. exf6 gxf6 25. Bd3 axb3 26. axb3 Nh6 27. b4 Nf7 28. Re1 Re8 29. Kg2 e5 30. Bf5 Nh6 31. Bh3 e4 32. Bd2 Nf7 33. Ra5 Rxa5 34. bxa5 Ne6 35. Bxe6 Rxe6 36. Rb1 Re7 37. Rb6 Rc7 38. Bf4 Rd7 39. a6 bxa6 40. Rxc6 Ra7 41. Rc8+ Kg7 42. c6 1-0

[Event "Belgrade Investbank"]
[Site "Belgrade"]
[Date "1991.??.??"]
[Round "?"]
[White "Damljanovic, Branko"]
[Black "Kamsky, Gata"]
[Result "1-0"]
[WhiteElo "2585"]
[BlackElo "2595"]
[Annotator "Horn,Peter"]
[PlyCount "73"]
[EventDate "1991.11.??"]
[EventType "tourn"]
[EventRounds "11"]
[EventCountry "YUG"]
[EventCategory "15"]
[SourceTitle "CBM 027"]
[Source "ChessBase"]
[SourceDate "1992.04.01"]
[SourceVersion "1"]
[SourceVersionDate "1992.04.01"]
[SourceQuality "1"]

1. Nf3 d5 2. g3 c5 3. Bg2 Nc6 4. O-O e5 5. c4 d4 6. d3 Nf6 7. e3 Be7 8. Re1 (8. exd4 exd4 $14) 8... Nd7 {N; Schwarz will wie Weiß in der Hauptvariante gegen Modernes Benoni spielen} (8... O-O 9. Na3 (9. exd4 exd4 10. Bf4) 9... dxe3 $10) 9. Na3 (9. exd4 cxd4) 9... O-O 10. Nc2 a5 (10... dxe3 11. Nxe3 $10) 11. Rb1 f5 $6 { e4} (11... f6 $1 $13) 12. exd4 cxd4 13. a3 { b4} a4 14. Bd2 Bf6 $146 ({RR} 14... Bc5 15. Nb4 e4 16. dxe4 fxe4 17. Rxe4 Nf6 18. Nxc6 bxc6 19. Re5 Qb6 20. Rxc5 Qxc5 21. Bb4 Qxc4 22. Bxf8 Kxf8 23. Rc1 Qf7 24. Ne5 Qb3 25. Qxd4 Be6 26. Rxc6 Re8 27. h3 Kg8 28. Kh2 h6 29. Bf1 {Maiwald,J (2524)-Voigt,M (2301) Travemuende 2004 1-0 (54)}) 15. Bb4 Re8 16. Nd2 $16 Kh8 17. c5 { c4-d6} e4 $6 18. dxe4 Nde5 19. f4 Nd3 20. e5 $1 (20. Rf1 fxe4 21. Nxe4 $16) 20... Nxe1 21. Nxe1 Be7 22. Nc4 Be6 23. Nd6 Bxd6 24. cxd6 {eine perfekte Bauernkette} Nxb4 25. axb4 Qb6 26. Nd3 a3 27. bxa3 Rxa3 28. Nc5 d3 29. Kh1 Ba2 30. Rc1 Qxb4 31. Nxd3 Qb5 32. Nc5 b6 33. d7 $18 Rd8 34. e6 bxc5 35. e7 Qb8 36. exd8=Q+ Qxd8 37. Rxc5 1-0

[Event "Belgrade Investbank"]
[Site "Belgrade"]
[Date "1991.??.??"]
[Round "?"]
[White "Damljanovic, Branko"]
[Black "Seirawan, Yasser"]
[Result "1-0"]
[WhiteElo "2585"]
[BlackElo "2615"]
[Annotator "Horn,Peter"]
[PlyCount "117"]
[EventDate "1991.11.??"]
[EventType "tourn"]
[EventRounds "11"]
[EventCountry "YUG"]
[EventCategory "15"]
[SourceTitle "CBM 027"]
[Source "ChessBase"]
[SourceDate "1992.04.01"]
[SourceVersion "1"]
[SourceVersionDate "1992.04.01"]
[SourceQuality "1"]

1. Nf3 d5 2. c4 d4 3. g3 Nc6 4. Bg2 e5 5. O-O g6 (5... e4 $6 6. Ne1 Nf6 7. d3 Bf5 (7... exd3 8. Nxd3) 8. Bg5 exd3 9. Nxd3 $14) ({RR} 5... e4 6. Ne1 h5 7. Bxe4 h4 8. d3 Bh3 9. Ng2 Qd7 10. Bf4 Nf6 11. Bf3 Bd6 12. Qc1 O-O-O 13. Na3 hxg3 14. fxg3 Ng4 15. Bxd6 cxd6 16. Bxg4 Qxg4 17. Rf2 g5 18. c5 Rhe8 19. Nb5 dxc5 20. Qxc5 {Malakhov,V (2706)-Tomashevsky,E (2745) Jurmala 2015 0-1 (36)}) 6. d3 ({RR} 6. e3 Bg7 7. exd4 Nxd4 8. Nxd4 Qxd4 9. d3 Ne7 10. Nc3 c6 11. Be3 Qd8 12. b4 O-O 13. b5 cxb5 14. Nxb5 Nf5 15. Bc5 Re8 16. Rb1 a6 17. Nc3 Qa5 18. Bb4 Qd8 19. Bc5 Qa5 20. Qa4 Qxa4 {Boyer,M (2489)-Sargsyan,A (2375) chess.com INT 2023 ½-½ (63)}) 6... Bg7 7. Nbd2 $146 ({RR} 7. Na3 Nf6 8. Nc2 a5 9. a3 O-O 10. Rb1 Re8 11. Bg5 h6 12. Bxf6 Qxf6 13. b4 Qe7 14. Nd2 h5 15. h4 Nd8 16. Nf3 Bf5 17. e3 axb4 18. axb4 {½-½ (18) Szekely,P (2435)-Seul,G (2430) Budapest 1995}) ({RR} 7. Na3 a5 8. Nc2 Nge7 9. b3 Nb4 10. Bd2 Nxc2 11. Qxc2 c5 12. e3 O-O 13. exd4 exd4 {½-½ (13) Vanderwaeren,S (2300)-Geenen,M (2320) Charleroi 1994}) 7... a5 8. b3 (8. Rb1 Nf6 9. b3 O-O 10. a3 Qe7 11. b4 $2 (11. Qc2) (11. Ne1 Nd7 12. Nc2 Nc5 13. Ne4 Na6 {Osnos}) 11... axb4 12. axb4 Nxb4 13. Nxe5 Na2 $19 {Lobron-Kortschnoj, Bad Kissingen 1981}) 8... Nge7 9. a3 Bd7 10. Rb1 Rb8 11. Qc2 O-O 12. Ne4 h6 (12... f5 13. Nc5 $14) 13. b4 axb4 14. axb4 b5 (14... b6 15. b5 Na5 16. Ba3 $13 (16. c5 $13)) 15. Nc5 Be8 16. Bd2 Nf5 17. Na6 Rb6 18. cxb5 Rxb5 19. Nh4 Nxh4 20. Bxc6 Bxc6 21. Qxc6 Rb6 22. Qc4 Qa8 23. gxh4 Rxa6 24. Qxc7 Rc8 25. Qd7 Ra2 26. Rfd1 Rcc2 (26... Bf8 27. b5 $16) 27. b5 $5 (27. Rdc1 $16) 27... Rxd2 28. Rdc1 $2 (28. Rxd2 Rxd2 29. b6 Rc2 (29... Rb2 30. Rxb2 Qa1+ 31. Kg2 Qxb2 32. b7 $18) 30. b7 Qb8 31. Ra1 $18) 28... Bf8 $2 (28... Rdc2 29. b6 (29. Rxc2 Rxc2 30. b6 Qc8 $19) 29... Rab2 30. Ra1 Rxc1+ (30... Qb8 31. Rxc2 (31. Ra7 Rxc1+ 32. Kg2 Qf8) 31... Rxc2 32. Ra7 Qf8 33. b7 $18) 31. Rxc1 Bf8 32. f3 Rxb6 $19) 29. Rc7 Be7 (29... Rxe2 30. Qxf7+ Kh8 31. Qh7#) 30. Rc8+ $18 (30. Qxe7 Qf8 31. Qxf8+ Kxf8 32. b6 Rxe2 33. b7 Rxf2 34. b8=Q+ Kg7 35. Qb7 $18) 30... Qxc8 31. Qxc8+ Kg7 32. Qc7 Bxh4 33. Qxe5+ Bf6 34. Qf4 Rxe2 35. b6 Reb2 36. Rxb2 Rxb2 37. Qc7 Rb5 38. b7 Be5 39. Qxe5+ Rxe5 40. b8=Q Rg5+ 41. Kf1 Rg4 42. Qe5+ Kg8 43. h3 Rh4 44. Kg2 g5 45. Qf6 Kf8 46. Kg3 Kg8 47. Qd8+ Kg7 48. Qd6 f6 49. Qb8 Kf7 50. Qh8 Ke7 51. Qg8 Kd6 52. Qe8 Kd5 53. Qe7 Rf4 54. Qh7 Kc5 55. Qxh6 Kb4 56. h4 Rxh4 57. Qxf6 Kc3 58. Qxg5 Rh1 59. Qb5 1-0

[Event "Asuncion"]
[Site "Asuncion"]
[Date "1992.??.??"]
[Round "5"]
[White "Morovic Fernandez, Ivan"]
[Black "Franco Ocampos, Zenon"]
[Result "1-0"]
[WhiteElo "2565"]
[BlackElo "2525"]
[PlyCount "115"]
[EventDate "1992.??.??"]
[EventType "tourn"]
[EventRounds "9"]
[EventCountry "PAR"]
[EventCategory "8"]
[SourceTitle "EXT 1998"]
[Source "ChessBase"]
[SourceDate "1997.11.17"]
[SourceVersion "1"]
[SourceVersionDate "1997.11.17"]
[SourceQuality "1"]

1. e4 c5 2. g3 Nc6 3. Bg2 g6 4. d3 Bg7 5. f4 d6 6. Nf3 e5 7. c3 Nge7 8. O-O O-O 9. Nh4 exf4 10. gxf4 f5 11. Nd2 Kh8 12. Ndf3 Be6 13. Ng5 Bg8 14. exf5 Nxf5 15. Nxf5 gxf5 16. Be3 $146 ({RR} 16. Bd2 Qf6 17. Re1 Rfe8 18. Qf3 Rab8 19. Re2 Rxe2 20. Qxe2 Qg6 21. Kh1 h6 22. Nf3 Re8 23. Qf2 Bf6 24. a3 Bd5 25. Rg1 b5 26. Ne5 Nxe5 27. fxe5 Bxg2+ 28. Rxg2 Bg5 29. exd6 Qxd6 30. Bxg5 hxg5 {Lagrotteria,S-Lucchi,V San Benedetto 1987 1-0 (33)}) 16... Qf6 17. Rf3 Rae8 18. Rh3 h6 19. Bf2 Ne7 20. d4 b6 21. Bh4 Qg6 22. Bf3 Bf7 23. Bg3 Bd5 24. Bh5 Qf6 25. dxc5 dxc5 26. Bxe8 Rxe8 27. Qh5 Rf8 28. Re1 Kg8 29. Nf3 Be4 30. Ne5 Qe6 31. Bh4 Nc6 32. Nxc6 Qxc6 33. Rg3 Kh7 34. Kf2 Qd6 35. Rd1 Qxf4+ 36. Kg1 Qc7 37. Qg6+ Kh8 38. Qe6 Qf7 39. Qxf7 Rxf7 40. Rd8+ Kh7 41. Kf2 b5 42. Re8 Bf8 43. Rg1 c4 44. Ke1 a5 45. Bf2 Bg7 46. Bd4 Bxd4 47. cxd4 Rd7 48. Re5 b4 49. Rc5 Rxd4 50. Rc7+ Kh8 51. Rc8+ Kh7 52. Rc7+ Kh8 53. Rgg7 Bd3 54. Rh7+ Kg8 55. Rcg7+ Kf8 56. Ra7 Kg8 57. Rhc7 Rd8 58. Kf2 1-0